Central Library OPAC University of Rajshahi

The whispering gallery / (Record no. 18354)

MARC details
000 -LEADER
fixed length control field 00541nam a22002051 4500
001 - CONTROL NUMBER
control field 18354
003 - CONTROL NUMBER IDENTIFIER
rucl marc code BD-RjUL
005 - DATE AND TIME OF LATEST TRANSACTION
control field 20211209000255.0
008 - FIXED-LENGTH DATA ELEMENTS--GENERAL INFORMATION
fixed length control field 140220s1984 enk 000 1 eng d
020 ## - INTERNATIONAL STANDARD BOOK NUMBER
International Standard Book Number 0552991147
035 ## - SYSTEM CONTROL NUMBER
System control number (BD-RjUL)18412
040 ## - CATALOGING SOURCE
Original cataloging agency BD-RjUL
Language of cataloging eng
Transcribing agency BD-RjUL
Modifying agency BD-RjUL
041 ## - LANGUAGE CODE
Language code of text/sound track or separate title eng
082 ## - DEWEY DECIMAL CLASSIFICATION NUMBER
Classification number 823.9
Author mark and year FRW 1984
100 1# - MAIN ENTRY--PERSONAL NAME
Personal name Francis, Richard,
Dates associated with a name 1945-
9 (RLIN) 56520
245 14 - TITLE STATEMENT
Title The whispering gallery /
Statement of responsibility, etc. Richard H. Francis
260 ## - PUBLICATION, DISTRIBUTION, ETC. (IMPRINT)
Place of publication, distribution, etc. London :
Name of publisher, distributor, etc. Black Swan,
Date of publication, distribution, etc. 1984.
300 ## - PHYSICAL DESCRIPTION
Pagination 254 p :
Size 19 cm
942 ## - ADDED ENTRY ELEMENTS (KOHA)
Source of classification or shelving scheme Dewey Decimal Classification
Koha item type Books
Holdings
Lost status Source of classification or shelving scheme Damaged status Not for loan Collection code Permanent Location Current Location Shelving location Date acquired Source of acquisition Total Checkouts Full call number Date last seen Copy number Koha item type
  Dewey Decimal Classification     Fiction Central Library, University of Rajshahi Central Library, University of Rajshahi   08/09/2008 Asia foundation   823.9 FRW 1984 20/02/2014 C-4 Books
  Dewey Decimal Classification   Not For Loan Fiction Central Library, University of Rajshahi Central Library, University of Rajshahi Reading Room 13/06/1989 Asia foundation   823.9 FRW 1984 20/02/2014 C-1 Books